000 00874nam a22002897i 4500
003 DO-SdBNP
005 20230531142930.0
007 ta
008 221020b2018 dr ||||| |||| 00| 0 spa d
020 _a9781729515495
040 _aDO-SdBNP
_bspa
_cBNPHU
_erda
082 4 _bS237d
_222
111 _972688
245 1 0 _aEl despartar :
_bideas para trasnformar la dificultad en una oportunidad /
_cRosanna Santos
264 _aSanto Domingo :
_bArgos,
_c2018
300 _a38 paginas ;
_c23 cm.
336 _2rdacontent
_atexto
_btxt
337 _2rdamedia
_asin mediación
_bn
338 _2rdacarrier
_avolumen
_bnc
590 _aInventariado, 2023/DG
611 2 4 _aFeria internacional del libro
_n(17ª :
_d2014 :
_cSanto Domingo, Republica Dominicana)
_xProgramas
_972689
650 _955292
650 _972690
650 _933375
910 _aDG
942 _2ddc
_cLF2
999 _c53664
_d53664